| 000 | 00601nam a2200193 a 4500 | ||
|---|---|---|---|
| 001 | 000025263 | ||
| 005 | 20200930023652.0 | ||
| 008 | 110211s1978 xxua r 001 0 spa d | ||
| 040 |
_aDO-SdBNP _bspa _cBNPHU |
||
| 082 |
_ann* _bnn* |
||
| 100 | 1 |
_aBernard, Raymond. _951766 |
|
| 245 | 1 | 0 |
_aMensajes Raymond Bernard / _cRaymond Bernard. |
| 250 | _a3e ed. | ||
| 260 |
_aCalifornia : _bGran Logia Suprema de Amorc, _c1978. |
||
| 300 |
_a296, [18] p. ; _c20 cm. |
||
| 490 | 1 | _aLibros en Español de la Biblioteca Rosacruz | |
| 830 | 0 |
_aLibros en Español de la Biblioteca Rosacruz _951767 |
|
| 049 | _aBNGR | ||
| 999 |
_c24756 _d24756 |
||